Things That Start With 'Pa' Quiz Stats

 Plays Quiz Updated Dec 20, 2013

Support Sporcle.
Go Orange.
Score 0/20 Timer 05:00
0 Plays Today
Clue PA thing % Correct
Body of water that covers about 30% of the Earth’s surfacePacific Ocean
97.8%
A black leopardpanther
94.9%
In Greek myth she was the first woman and opened a box containing all the ills that would plague mankindPandora
81.1%
Nation in Central AmericaPanama
78.6%
A word, phrase or sentence that reads the same forward and backwardpalindrome
76%
In the UK, the body that contains the House of Lords and House of CommonsParliament
73.6%
Bird of the genus Perdix or Alectoris, famous for sitting in pear treespartridge
71.5%
The knee capPatella
71.2%
Biopic of U.S. WWII general known as “Old Blood and Guts” that won the 1970 Best Picture OscarPatton
62.9%
A Spanish rice dish often featuring saffron and seafoodpaella
62%
Clue PA thing % Correct
A seemingly contradictory statement that may nonetheless be trueparadox
54.9%
The holiday 7 days before EasterPalm Sunday
52.5%
Spanish city famous for the San Fermín festival which features the Running of the BullsPamplona
50.1%
Prince of Troy whose abduction of Helen started the Trojan WarParis
47.1%
Metallic element with atomic number 46, whose symbol is Pdpalladium
41.3%
A large, thick-skinned, hoofed mammal, i.e., an elephant, hippo or rhinopachyderm
39%
The tree that is the nickname for the state of South CarolinaPalmetto (State)
35.4%
US pop punk band headed by Hayley Williams with hits like 'Still into You'Paramore
35%
The holy knight character class in D&D or the main character of the Western “Have Gun – Will Travel”Paladin
30.5%
Nation whose capital is Port MoresbyPapua New Guinea
28%

From the Vault

Movies with a Common Word II

by livicj5

Movies 7m
Hollywood just can't seem to come up with original movie titles.
Remove Ads.
Support Sporcle.
Get the best of Sporcle when you Go Orange. This ad-free experience offers more features, more stats, and more fun while also helping to support Sporcle. Thank you for becoming a member.

Show Comments

Extras

Top Quizzes Today


Score Distribution

Your Account Isn't Verified!

In order to create a playlist on Sporcle, you need to verify the email address you used during registration. Go to your Sporcle Settings to finish the process.

Report this User

Report this user for behavior that violates our Community Guidelines.

Details: